Ensayistas y profetas : el canon del ensayo /
En esta obra, el crítico literario norteamericano Harold Bloom analiza veinte siglos de creación ensayística; parte de los profetas bíblicos y llega hasta Sartre y Camus, pasando por Montaigne, Rousseau, Kierkegaard y Nietzsche, entre muchos otros. Dialoga con todos ellos y brinda un retrato de cada...
Guardado en:
| Autor principal: | |
|---|---|
| Formato: | Libro |
| Idioma: | Español |
| Publicado: |
Madrid, España : México :
Páginas de Espuma ; Colofón,
2010, c2010
|
| Colección: | (Voces ; Ensayo)
137. |
| Temas: | |
| Etiquetas: |
Sin etiquetas, Sé el primero en etiquetar este registro!
|
MARC
| LEADER | 00000nam^a2200000^a^4500 | ||
|---|---|---|---|
| 001 | 000593805 | ||
| 005 | 20250521000000.0 | ||
| 009 | 20260310133014.128 | ||
| 020 | |a 978-607-7720-89-8 | ||
| 037 | |a Acervo ITESO - Biblioteca | ||
| 041 | |a ESP | ||
| 082 | |a 809. 4 |b BLO | ||
| 100 | |a Bloom, Harold |e (autor) | ||
| 245 | 1 | 0 | |a Ensayistas y profetas : |b el canon del ensayo / |c E. Bloom ; tr. por Amelia Pérez Villar. |
| 264 | 4 | |a Madrid, España : |b Páginas de Espuma ; |a México : |b Colofón, |c 2010, c2010 | |
| 300 | |a 333 p. | ||
| 336 | |a texto |b txt |2 rdacontenido | ||
| 337 | |a sin mediación |b n |2 rdamedio | ||
| 338 | |a volumen |b nc |2 rdasoporte | ||
| 440 | 1 | |a (Voces ; |v 137. |p Ensayo) | |
| 500 | |a Traducción de: Ensayists and Prophets | ||
| 520 | |a En esta obra, el crítico literario norteamericano Harold Bloom analiza veinte siglos de creación ensayística; parte de los profetas bíblicos y llega hasta Sartre y Camus, pasando por Montaigne, Rousseau, Kierkegaard y Nietzsche, entre muchos otros. Dialoga con todos ellos y brinda un retrato de cada uno mediante la crítica literaria a su obra ensayística, en la que, según él, el común denominador radica en que todos fueron moralistas y que pertenecen a una categoría literaria que desafía la simple categorización. | ||
| 521 | |a FIL 2024 DIA | ||
| 649 | |a XX | ||
| 650 | |a Ensayos - |x Teoría - |x Tema Principal | ||
| 650 | |a Ensayos - |x Historia y Crítica - |x Tema Principal | ||
| 650 | |a Literatura - |x Historia y Crítica | ||
| 650 | |a Boswell, James | ||
| 650 | |a Camus, Albert | ||
| 650 | |a Carlyle, Thomas | ||
| 650 | |a Dryden, John | ||
| 650 | |a Du Bois, W.E.B | ||
| 650 | |a Emerson, Ralph Waldo | ||
| 650 | |a Freud, Sigmund | ||
| 650 | |a Hazlitt, William | ||
| 650 | |a Huxley, Aldous | ||
| 650 | |a Johnson, Samuel | ||
| 650 | |a Kierkegaard, Sören | ||
| 650 | |a Montaigne, Michel Eyquem de | ||
| 650 | |a Nietzsche, Friedrich | ||
| 650 | |a Pascal, Blaise | ||
| 600 | |a Pater, Walter | ||
| 650 | |a Rousseau, Jean-Jacques | ||
| 650 | |a Ruskin, John | ||
| 650 | |a Sartre, Jean-Paul | ||
| 650 | |a Scholem, Gershom | ||
| 650 | |a Thoreau, Henry David | ||
| 910 | |a Fondo General | ||
| 920 | |a Impresos - Libros | ||
| 930 | |a Colección General | ||
| 940 | |a Literatura | ||
| 905 | |a 101 | ||
| 901 | |a 593805-10 |b IT1 |c LIT |i C187869 |u 20250521 | ||
| 902 | |a https://opac.biblio.iteso.mx/vufind/Record/000593805 | ||